000 00887nam a22001937a 4500
003 BR-ViAPE
005 20260602114358.0
008 260602s1896 por gslllls000 0 por d
040 _cBR-ViAPE
110 _aEspírito Santo
_bEstado
245 _aDecreto n. 10 de 28 de setembro de 1896 do governo municipal da cidade de Santa Cruz
260 _aVitória
_bPapelaria e Typ. de A. Moreira Dantas
_c1896
300 _a31 p.
_bDocumento digitalizado (PDF)
500 _aDocumento digitalizado do acervo institucional do Arquivo Público do Estado do Espírito Santo - APEES.
650 _aLegislação
_xDecreto
_zSanta Cruz (ES)
_zAracruz (ES)
651 _aEspírito Santo (Brasil)
856 _uhttps://ape.es.gov.br/Media/ape/PDF/Livros/Livros_Historicos/Obras_raras/seculo_XIX/APEES_OR_dec_munic_santa_tereza_1896.pdf
_yCLIQUE AQUI PARA ACESSAR O DOCUMENTO
942 _2ddc
_cOBRAS_RARA
_n1
999 _c749
_d749